000 00246nam a2200097Ia 4500
008 240331s9999 xx 000 0 und d
082 _bNUH
100 _aNuhman, M.A
245 0 _aBharathiyin mozhich chintahnaigal :
_boru mozhiyiyal nokku
942 _cL
999 _c3677
_d3677